Positive and negative symptoms in psychosis description research and future directions/ (Record no. 155355)

000 -LEADER
fixed length control field 00333nam a22001217a 4500
082 ## - DEWEY DECIMAL CLASSIFICATION NUMBER
Classification number
Item number
245 ## - TITLE STATEMENT
Title Positive and negative symptoms in psychosis description research and future directions/
Statement of responsibility, etc. by Philip D Harvey (ed.).
260 ## - PUBLICATION, DISTRIBUTION, ETC.
Place of publication, distribution, etc.
Name of publisher, distributor, etc. LEA,
Date of publication, distribution, etc. 1987.
300 ## - PHYSICAL DESCRIPTION
Extent
600 ## - SUBJECT ADDED ENTRY--PERSONAL NAME
Personal name Philip D Harvey (ed.)
650 ## - SUBJECT ADDED ENTRY--TOPICAL TERM
Topical term or geographic name entry element
942 ## - ADDED ENTRY ELEMENTS (KOHA)
Koha item type Book
Holdings
Withdrawn status Lost status Damaged status Not for loan Permanent Location Current Location Shelving location Date acquired Cost, normal purchase price Total Checkouts Barcode Date last seen Price effective from Koha item type
        RC Thiruvananthapuram RC Thiruvananthapuram   24.07.2018 0.00   TV000462 24.07.2018 24.07.2018 Book